| 000 | 00344nam a2200133Ia 4500 | ||
|---|---|---|---|
| 005 | 20251222152043.0 | ||
| 008 | 251222s9999||||xx |||||||||||||| ||spa|| | ||
| 082 | _a380.141.318/H33 | ||
| 100 | _aHeckerman, Donald G. | ||
| 245 | 0 | _aReflexiones sobre Las Alternativas de Mercadeo del Arroz | |
| 250 | _a1ra.ed. | ||
| 264 | _bPADI | ||
| 942 | _cLIB | ||
| 999 |
_c26129 _d26129 |
||